000 00480nam a2200169Ia 4500
008 090711s9999 xx 000 0 und d
082 _b3359
100 _aसाने गुरुजी
245 _aमंगल प्रभात
260 _c1949
300 _a60
600 _aसाने गुरुजी
630 _aमंगल प्रभात
700 _aसाने गुरुजी
730 _aमंगल प्रभात
942 _cBOOK
999 _c321383
_d321383